| 000 | 00772nas a2200265 4500 | ||
|---|---|---|---|
| 001 | BR9208789 | ||
| 003 | BR-BrBNA | ||
| 005 | 20231205093151.0 | ||
| 007 | ta | ||
| 008 | 230509b bl.|||p| |||| 00| 00por d | ||
| 040 |
_aBR-BrBNA _bpor _cBiblioteca Nacional de Agricultura |
||
| 041 | _a(Pt) | ||
| 072 | _aQ54 | ||
| 100 | 1 | _aBarbosa, C. | |
| 100 | 1 | _aCesar, S.M. | |
| 100 | 1 | _aCampos, B. do E.S. de | |
| 245 | 1 | _aValores nutritivos do feno de capim-coloniao em tres epocas de corte | |
| 650 | _aVALOR NUTRITIVO | ||
| 650 | _aCAPIM COLONIAO | ||
| 650 | _aCORTE | ||
| 650 | _aDIGESTIBILIDADE | ||
| 773 | 0 |
_tZootecnia (Brazil) _xISSN 0044-5320 _g(Oct-Dec 1985), v. 23(4) p. 365-376 _wBR9208789 |
|
| 909 |
_a202311 _bLúcia _c55 _dLúcia Elande |
||
| 942 |
_2AGRIS _n0 _cANA |
||
| 999 |
_c136583 _d136583 |
||